000 00673nam a2200181Ia 4500
008 090123s9999 xx 000 0 und d
082 _b1644
_a923.254/फडके
100 _aफडके ना. सी.
245 _aमाझ्या साहीत्यसेवेतील स्मृती
250 _a1
260 _bसुलभ मु.
300 _a258
600 _aफडके ना. सी.
630 _aमाझ्या साहीत्यसेवेतील स्मृती
700 _aफडके ना. सी.
730 _aमाझ्या साहीत्यसेवेतील स्मृती
942 _cBOOK
999 _c39726
_d39726